000 01169nam a22002537a 4500
999 _c8480
_d8480
003 GBCCL
005 20241126110651.0
008 210225b ||||| |||| 00| 0 eng d
020 _a9781481302180
020 _a1481302183
020 _a9781481302203
020 _a1481302205
040 _cGBC
082 _a230
_bBRU
100 _aBrueggemann, Walter
_91793
245 _aIce axes for frozen seas :
_ba biblical theology of provocation /
_cWalter Brueggemann ; edited by Davis Hankins.
260 _aWaco, Texas :
_bBaylor University Press,
_c[2014]
300 _avi, 424 pages ;
_b24 cm
505 _aConflicted human agency -- Conflicted divine agency -- Misbegotten hope -- Poems vs. memos -- Biblical language -- Food fight -- Departure without arrival -- The nightmare of amnesia -- The antidote to amnesia -- Double agency -- From narrative to policy -- The God who gives rest -- Covenantal risks and rewards -- Testimony -- Obedience -- Slow wisdom -- Bail out -- Jubilee.
650 _aBible.
_vOld Testament
_xCriticism, interpretation, etc.
_911525
650 _aTheology.
_9631
650 _aBible.
_vOld Testament.
_96826
942 _2ddc
_cBK